00357nam a2200133Ia 4500020001800000082001500018245004700033260004100080300001400121504001900135650002700154700001900181700002300200 a9781412911955 a306.6 SAG- 0aSage handbook of the sociology of religion aLos AngelesbSage Publicationsc2007 axvii, 746 aincludes index aReligion and Sociology aDemerath, N.J. aBeckford, James A.